| 000 | 01104nam a22002897a 4500 | ||
|---|---|---|---|
| 001 | 7346 | ||
| 003 | FISKH | ||
| 005 | 20250710095156.0 | ||
| 008 | 250710b cb ||||| |||| 00| 0 eng d | ||
| 020 | _a9781847382528 | ||
| 040 |
_aFISKH _beng _cFISKH _dFISKH813.6 LCC PZ7.I355 L |
||
| 050 | _aPZ7.I355 L | ||
| 082 | _a813.6 | ||
| 100 | _aInches, Alison | ||
| 245 |
_aLet's play sports! : _bA leaf-the flap story _cby Alison Inches ; illustrated by Dave Aikins |
||
| 250 | _aThis edition published in 2008. | ||
| 260 |
_aLondon : _bSimon & Schuster, _c2007. |
||
| 300 |
_a18 unnumbered pages : _bcolor illustrations ; _c21 cm |
||
| 505 | _aJ | ||
| 520 | _a"It's Sport's Day, and everyone is outside playing their favorite sports: basketball, sailing, football, soccer, and more! But Dora needs your help. Lift the flaps to help her discover which sport Boots wants to play!"--Cover back. | ||
| 521 | 8 |
_a440
_bLexile estimate |
|
| 521 | 8 |
_aJ
_bRaz-Plus |
|
| 650 |
_aDora the Explorer _vOwn _xSports |
||
| 700 |
_aAikins, Dave _eillustrator |
||
| 942 |
_2ddc _cBK _n0 |
||
| 999 |
_c7346 _d7346 |
||